Cities of Shelby County, Iowa - Statistics

General Stats
  • This quiz has been taken 3 times
  • The average score is 8 of 11
Answer Stats
Cities % Correct
1 Harlan
100%
5 Irwin
100%
2 Shelby
100%
10 Tennant
100%
6 Defiance
67%
4 Earling
67%
3 Elk Horn
67%
11 Kirkman
67%
7 Panama
67%
8 Portsmouth
67%
9 Westphalia
33%
No matching quizzes found
Score Distribution
Percent of People with Each Score
Percentile by Number Answered
Your Score History
You have not taken this quiz